O čo sú vody bohatšie Zarybňovanie a úlovky

Bibliographic Details
Main Author: Hell, Igor (Author)
Format: Article
Language:Slovak
ISSN:0231-8768
Subjects:

MARC

LEADER 00000nab a2200000 a 4500
001 vtls000561697
003 SK-MaSNL
005 20260303165448.0
008 150501c1995 xo 0 slo
015 |a SNBRB19rr/mm-uuuuu 
035 |a CL0561835 
040 |a SNKBUCL  |b slo  |c SNKBUCL  |e AACR2 
041 0 |a slo 
044 |a xo  |c SK 
080 |a 639.2.053.4(437.6):639.2:061.25(437.6)  |2 1981 
080 |a 639.2:061.25(437.6)  |2 1981 
100 1 |a Hell, Igor  |4 aut  |9 990039 
245 1 0 |a O čo sú vody bohatšie  |b Zarybňovanie a úlovky  |c Igor Hell 
650 0 7 |a Slovenský rybársky zväz  |2 snkbucl  |9 921772 
650 0 7 |a rybárske revíry  |2 snkbucl  |9 2845 
655 7 |a články z novín a časopisov  |2 snkbucl  |9 267496 
773 0 |t Poľovníctvo a rybárstvo  |g Roč. 47, č. 9 (1995), s. 26  |x 0231-8768 
850 |a Slovenská národná knižnica v Martine  |a MTA001 
852 |a SNK  |b KIS3GCP 
958 |a RK 
958 |a SK 
992 |a RBX 
999 |c 2071869  |d 2073799